LEADER 00898nam--2200313---450- 001 990003258050203316 005 20090528124410.0 035 $a000325805 035 $aUSA01000325805 035 $a(ALEPH)000325805USA01 035 $a000325805 100 $a20090528d1967----km-y0itay50------ba 101 $aeng 102 $aUS 105 $aa---||||001yy 200 1 $a<> theory of gambling and statistical logic$fRichard A. Epstein 210 $aNew York$cAcademic Press$d1967 215 $aXIII, 492 p.$cill.$d24 cm 606 0 $aTeoria del gioco 676 $a519.3 700 1$aEPSTEIN,$bRichard A.$057411 801 0$aIT$bsalbc$gISBD 912 $a990003258050203316 951 $a519.3 EPS$b5876/CBS$c519.3$d00221315 959 $aBK 969 $aSCI 979 $aRSIAV6$b90$c20090528$lUSA01$h1244 996 $aTheory of gambling and statistical logic$9381641 997 $aUNISA LEADER 00886nam--2200325---450- 001 990005809420203316 005 20130219120319.0 035 $a000580942 035 $aUSA01000580942 035 $a(ALEPH)000580942USA01 035 $a000580942 100 $a20130219d1969----km-y0itay50------ba 101 0 $aeng 102 $aUS 105 $a||||||||001yy 200 1 $a<> place to stand$fElton Trueblood 210 $aNew York$aLondon$cHarper & Row$d1969 215 $a128 p.$d22cm 606 0 $aApologetica$2BNCF 676 $a202 700 1$aTRUEBLOOD,$bElton$0616454 801 0$aIT$bsalbc$gISBD 912 $a990005809420203316 951 $aII.2. 5956$b4739 L.G.$cII.2.$d00313429 959 $aBK 969 $aUMA 979 $aPASSARO$b90$c20130219$lUSA01$h1201 979 $aPASSARO$b90$c20130219$lUSA01$h1203 996 $aPlace to stand$91089923 997 $aUNISA